LIBRARY & INFORMATION CENTRE, KCAET, TAVANUR

ONLINE PUBLIC ACCESS CATALOGUE (OPAC)

Introducing UNIX system V / (Record no. 10058)

MARC details
000 -LEADER
fixed length control field 00463cam a2200181ua 4500
020 ## - INTERNATIONAL STANDARD BOOK NUMBER
ISBN 0 07 100210 3
041 ## - LANGUAGE CODE
Language code of text/sound track or separate title eng
082 ## - DEWEY DECIMAL CLASSIFICATION NUMBER
Classification number 005.43
Item number MOR/IN
100 ## - MAIN ENTRY--AUTHOR NAME
Personal name Morgan, Rachel .
245 ## - TITLE STATEMENT
Title Introducing UNIX system V /
250 ## - EDITION STATEMENT
Edition statement 1 /
260 ## - PUBLICATION, DISTRIBUTION, ETC. (IMPRINT)
Place of publication New York :
Name of publisher McGraw Hill Book Company ,
Year of publication 1987.
300 ## - PHYSICAL DESCRIPTION
Number of Pages 611 ; .
700 1# - ADDED ENTRY--PERSONAL NAME
Personal name Mcgilton, Henry .
942 ## - ADDED ENTRY ELEMENTS (KOHA)
Koha item type Books
Holdings
Withdrawn status Lost status Damaged status Home library Current library Date acquired Full call number Accession Number Koha item type
      KAUAET KAUAET 07/04/2012 005.43 18004 Books
free website counter